LEADER 01329nam0-2200409---450 001 990005687420203316 005 20210901105209.0 035 $a000568742 035 $aUSA01000568742 035 $a(ALEPH)000568742USA01 035 $a000568742 100 $a20060130d1988----|||y0itaa50------ba 101 $aita 102 $ait 105 $a0 00||| 200 1 $a<> problema della forma in biologia$fG. C. Webster, B. C. Goodwin$ga cura di Giuseppe Sermonti$gintroduzione di Vincenzo Cappelletti 210 $aRoma$cArmando$d1988 215 $a136 p.$cill.$d22 cm. 225 2 $aMetodologia delle scienze e filosofia del linguaggio 410 0$12001$aMetodologia delle scienze e filosofia del linguaggio 606 $aOntogenesi$2F 620 $dROMA 676 $a575.016 700 1$aWEBSTER,$bGerry C.$0460246 701 1$aGOODWIN,$bBrian C.$047276 702 1$aSERMONTI,$bGiuseppe 702 1$aCAPPELLETTI,$bVincenzo 801 0$aIT$bSA$c20111219 912 $a990005687420203316 950 0$aDipar.to di Filosofia - Salerno$dDFFDC WEB$e7814 FIL 951 $aXV.18.A 1318 (FDC WEB)$b7814 FIL$cXV.18.A$d481687 959 $aBK 969 $aFDECI 979 $c20121027$lUSA01$h1526 979 $c20121027$lUSA01$h1615 996 $aProblema della forma in biologia$91084259 997 $aUNISA LEADER 01613nam 2200385 n 450 001 996394282403316 005 20200824120809.0 035 $a(CKB)3810000000009827 035 $a(EEBO)2240864331 035 $a(UnM)99830764e 035 $a(UnM)99830764 035 $a(EXLCZ)993810000000009827 100 $a19950907d1667 uy | 101 0 $aeng 135 $aurbn||||a|bb| 200 14$aThe countries sense of Londons sufferings in the last most lamentable fire$b[electronic resource] $ediscovered in the opening and improving the lamentations of Jeremy; and in the resolving of three questions, not onely suitable to that sad dispensation, but considerable also in all grievous afflictions. By W.T. a well-wisher to the city, and to those that suffer with it 210 $aLondon $cprinted for John Sims, living at Gresham Colledge-Gate in Bishops-Gate-Street$d1667 215 $a[192] p 300 $aW.T. = William Thomas. 300 $aFirst leaf is blank. 300 $a"The lamentations of Jeremy brought to present use" has a separate dated title page; register is continuous. 300 $aSignatures: A-M. 300 $aMarginal notes. 300 $aPages stained, affecting text. 300 $aReproduction of the original in the British Library. 330 $aeebo-0018 700 $aThomas$b William$f1593-1667.$0845280 801 0$bCu-RivES 801 1$bCu-RivES 801 2$bCStRLIN 801 2$bWaOLN 906 $aBOOK 912 $a996394282403316 996 $aThe countries sense of Londons sufferings in the last most lamentable fire$92407539 997 $aUNISA